Central Library OPAC University of Rajshahi

The history of religions / (Record no. 33028)

MARC details
000 -LEADER
fixed length control field 00734nam a2200241 a 4500
001 - CONTROL NUMBER
control field 33028
003 - CONTROL NUMBER IDENTIFIER
rucl marc code BD-RjUL
005 - DATE AND TIME OF LATEST TRANSACTION
control field 20211209051932.0
008 - FIXED-LENGTH DATA ELEMENTS--GENERAL INFORMATION
fixed length control field 140429r19261918us b 001 0 eng d
035 ## - SYSTEM CONTROL NUMBER
System control number (BD-RjUL)33118
040 ## - CATALOGING SOURCE
Original cataloging agency DLC
Language of cataloging eng
Transcribing agency DLC
Modifying agency BD-RjUL
041 ## - LANGUAGE CODE
Language code of text/sound track or separate title eng
082 04 - DEWEY DECIMAL CLASSIFICATION NUMBER
Classification number 209
Author mark and year HOH 1926
100 1# - MAIN ENTRY--PERSONAL NAME
Personal name Hopkins, Edward Washburn,
Dates associated with a name 1857-1932.
9 (RLIN) 97884
245 14 - TITLE STATEMENT
Title The history of religions /
Statement of responsibility, etc. by E. Washburn Hopkins.
260 ## - PUBLICATION, DISTRIBUTION, ETC. (IMPRINT)
Place of publication, distribution, etc. New York :
Name of publisher, distributor, etc. The Macmillan Company,
Date of publication, distribution, etc. 1926.
300 ## - PHYSICAL DESCRIPTION
Pagination 624 p. ;
Size 21 cm.
490 1# - SERIES STATEMENT
Series statement Religious science and literature series
504 ## - BIBLIOGRAPHY, ETC. NOTE
Bibliography, etc Includes index.
650 #0 - SUBJECT ADDED ENTRY--TOPICAL TERM
Topical term or geographic name as entry element Religions
General subdivision History.
9 (RLIN) 5390
830 #0 - SERIES ADDED ENTRY--UNIFORM TITLE
Uniform title Religious science and literature series
942 ## - ADDED ENTRY ELEMENTS (KOHA)
Source of classification or shelving scheme Dewey Decimal Classification
Koha item type Books
Holdings
Lost status Source of classification or shelving scheme Damaged status Not for loan Collection code Permanent Location Current Location Shelving location Date acquired Source of acquisition Cost, normal purchase price Total Checkouts Full call number Date last seen Copy number Koha item type
  Dewey Decimal Classification     Non-fiction Central Library, University of Rajshahi Central Library, University of Rajshahi   04/03/1957 kamels book 7.80   209 HOH 1926 29/04/2014 C-1 Books